000 00205 a2200097 4500
001 4500
100 _aSmith,S.P
245 _aProblems in electrical engg
260 _a
_bConstable
_c
090 _c3698
_d3698
942 _aNUST-CAE
_cM
_c29931
999 _c239573
_d239573